|
|
|
|
| LEADER |
01695nam a2200433 i 4500 |
| 001 |
EBC1345236 |
| 003 |
MiAaPQ |
| 005 |
20200520144314.0 |
| 006 |
m o d | |
| 007 |
cr cnu|||||||| |
| 008 |
140404t20092009gw a ob 001 0 ger|d |
| 020 |
|
|
|z 9783050045603
|
| 020 |
|
|
|a 9783050048642 (e-book)
|
| 035 |
|
|
|a (MiAaPQ)EBC1345236
|
| 035 |
|
|
|a (Au-PeEL)EBL1345236
|
| 035 |
|
|
|a (CaPaEBR)ebr10851891
|
| 035 |
|
|
|a (CaONFJC)MIL579897
|
| 035 |
|
|
|a (OCoLC)871856003
|
| 040 |
|
|
|a MiAaPQ
|b eng
|e rda
|e pn
|c MiAaPQ
|d MiAaPQ
|
| 050 |
|
4 |
|a DC70
|b .D74 2009
|
| 100 |
1 |
|
|a Drews, Wolfram,
|e author.
|
| 245 |
1 |
4 |
|a Die Karolinger und die Abbasiden von Bagdad :
|b Legitimationsstrategien fruhmittelalterlicher Herrscherdynastien im transkulturellen Vergleich /
|c Wolfram Drews.
|
| 264 |
|
1 |
|a Berlin :
|b Akademie Verlag,
|c [2009]
|
| 264 |
|
4 |
|c 2009
|
| 300 |
|
|
|a 1 online resource (500 pages) :
|b illustrations.
|
| 336 |
|
|
|a text
|2 rdacontent
|
| 337 |
|
|
|a computer
|2 rdamedia
|
| 338 |
|
|
|a online resource
|2 rdacarrier
|
| 490 |
1 |
|
|a Europa im Mittelalter ;
|v Band 12
|
| 504 |
|
|
|a Includes bibliographical references and index.
|
| 588 |
|
|
|a Description based on online resource; title from PDF title page (ebrary, viewed April 4, 2014).
|
| 590 |
|
|
|a Electronic reproduction. Ann Arbor, MI : ProQuest, 2015. Available via World Wide Web. Access may be limited to ProQuest affiliated libraries.
|
| 650 |
|
0 |
|a Carolingians.
|
| 650 |
|
0 |
|a Abbasids.
|
| 650 |
|
0 |
|a Royal houses.
|
| 655 |
|
4 |
|a Electronic books.
|
| 797 |
2 |
|
|a ProQuest (Firm)
|
| 830 |
|
0 |
|a Europa im Mittelalter ;
|v Band 12.
|
| 856 |
4 |
0 |
|u https://ebookcentral.proquest.com/lib/matrademy/detail.action?docID=1345236
|z Click to View
|